La Contaminació acústica als municipis : soroll i salut : 25 de novembre de 1993 : jornada 2 soroll i salut :
Descripción Física:
[70] f. ; 30 cm
MARC
| LEADER | 00000nam a2200000Ia 4500 | ||
|---|---|---|---|
| 001 | 19334 | ||
| 003 | BGR | ||
| 005 | 20260324180112.0 | ||
| 008 | 160829s1993 xx 000 0 cat d | ||
| 080 | |a C-3-1 | ||
| 111 | |a La Contaminació Acústica als Municipis |9 71341 |c (Barcelona : |d 1993) | ||
| 245 | |a La Contaminació acústica als municipis : |b soroll i salut : |b 25 de novembre de 1993 : |b jornada 2 | ||
| 260 | |a Barcelona : |b Diputació de Barcelona. Servei de Medi Ambient, |c 1993 | ||
| 300 | |a [70] f. ; |c 30 cm | ||
| 650 | |a Contaminació acústica |x Congressos |9 46407 | ||
| 650 | |a Municipis |x Soroll |x Congressos |9 46418 | ||
| 710 | 1 | |a Barcelona (Catalunya : Província). |b Servei de Medi Ambient |9 53475 | |
| 901 | |a Arxiu | ||
| 942 | |n 1 |2 udc |c JC | ||
| 952 | |0 0 |1 0 |4 0 |6 C31 |7 1 |9 53194 |a Arxiu |b Arxiu |d 2016-12-01 |l 0 |o C-3-1 |p 19334 |r 2016-12-01 00:00:00 |w 2016-12-01 |y ARXIU | ||
| 999 | |c 57043 |d 57043 | ||